[Event "Moscow op-B"]
[Site "Moscow"]
[Date "2010.02.07"]
[Round "9.41"]
[White "Paster, Arkady M"]
[Black "Orlov, Evgeny"]
[Result "1-0"]
[WhiteElo "2086"]
[BlackElo "2238"]
[PlyCount "85"]
[EventDate "2010.01.30"]
[EventType "swiss"]
[EventRounds "9"]
[EventCountry "RUS"]
[SourceTitle "EXT 2023"]
[Source "ChessBase"]
[SourceDate "2022.10.05"]
[SourceVersion "1"]
[SourceVersionDate "2022.10.05"]
[SourceQuality "1"]

1. c4 e5 2. g3 Nc6 3. Bg2 g6 4. Nc3 Bg7 5. e3 d6 6. Nge2 Be6 7. Nd5 Qd7 8. d3 Nd8 9. e4 c6 10. Ne3 Bh3 11. 0-0 h5 12. f4 Bxg2 13. Kxg2 Ne7 14. f5 gxf5 15. Nxf5 Bf8 16. Bg5 Ne6 17. Bd2 Nxf5 18. exf5 Ng7 19. g4 hxg4 20. Ng3 0-0-0 21. Bg5 Re8 22. Qxg4 Be7 23. Bxe7 Qxe7 24. f6+ Qe6 25. h3 Qxg4 26. hxg4 Ne6 27. Nf5 Kd7 28. Ng7 Reg8 29. Rh1 Nf4+ 30. Kf3 Nxd3 31. g5 Nc5 32. Rad1 Ne6 33. Rxh8 Rxh8 34. Kg4 Rh2 35. Kg3 Rxb2 36. Nxe6 Kxe6 37. Rf1 b5 38. c5 Rc2 39. g6 Rc3+ 40. Kg4 Rc2 41. g7 Rg2+ 42. Kh3 Rg6 43. Rf3 1-0

[Event "Moscow op-B"]
[Site "Moscow"]
[Date "2009.02.06"]
[Round "7"]
[White "Orlov, Evgeny"]
[Black "Dubonosov, Evgenij"]
[Result "1-0"]
[WhiteElo "2233"]
[BlackElo "2082"]
[PlyCount "58"]
[EventDate "2009.01.31"]
[EventType "swiss"]
[EventRounds "9"]
[EventCountry "RUS"]
[SourceTitle "EXT 2012"]
[Source "ChessBase"]
[SourceDate "2011.11.24"]
[SourceVersion "1"]
[SourceVersionDate "2011.11.24"]
[SourceQuality "1"]

1. e4 c5 2. f4 d6 3. Nf3 Nf6 4. Nc3 e6 5. Bb5+ Bd7 6. Qe2 a6 7. Bxd7+ Qxd7 8. d4 cxd4 9. Nxd4 Be7 10. Be3 Nc6 11. 0-0 b5 12. e5 dxe5 13. Nf5 Qc7 14. Nxg7+ Kf8 15. Nh5 b4 16. Na4 Nd4 17. Bxd4 exd4 18. Nxf6 Bxf6 19. Rad1 Qc6 20. b3 Rc8 21. Nb2 Rg8 22. Rf2 Qc3 23. Rd3 Qc5 24. Nc4 a5 25. Rh3 a4 26. Rh5 Qa7 27. Ra5 Qc7 28. Rxa4 d3 29. Qe4 Qc5 1-0

[Event "Alushta Summer 3rd"]
[Site "Alushta"]
[Date "2006.06.20"]
[Round "5"]
[White "Akshayraj, Kore"]
[Black "Orlov, Evgeny"]
[Result "1-0"]
[WhiteElo "2380"]
[BlackElo "2306"]
[PlyCount "81"]
[EventDate "2006.06.16"]
[EventType "tourn"]
[EventRounds "9"]
[EventCountry "UKR"]
[EventCategory "8"]
[SourceTitle "CBM 112 Extra"]
[Source "ChessBase"]
[SourceDate "2006.07.14"]
[SourceVersion "1"]
[SourceVersionDate "2006.07.14"]
[SourceQuality "1"]

1. e4 e5 2. Nf3 Nf6 3. Nc3 Bb4 4. Nxe5 Qe7 5. Nd3 Bxc3 6. dxc3 Nxe4 7. Qe2 Nc6 8. Bf4 d6 9. 0-0-0 0-0 10. f3 Nf6 11. Qf2 Qd7 12. Re1 Re8 13. Rxe8+ Qxe8 14. g4 Ne5 15. Qg3 Ng6 16. Bd2 Qe6 17. Kb1 Bd7 18. h4 Bc6 19. Bg2 Bb5 20. h5 Bxd3 21. cxd3 Qe2 22. Bc1 Qxd3+ 23. Ka1 Ne5 24. h6 g6 25. Qh4 Ned7 26. f4 Re8 27. Bxb7 Nd5 28. Re1 Ne3 29. Bxe3 Rxe3 30. Qd8+ Nf8 31. Rb1 Rh3 32. g5 Rh4 33. Qf6 Ne6 34. Re1 Qd2 35. Qd8+ Nf8 36. Qe7 Rxf4 37. Bc6 Qxe1+ 38. Qxe1 Ne6 39. Bd5 Kf8 40. Bxe6 fxe6 41. Kb1 1-0

[Event "Alushta Summer 3rd"]
[Site "Alushta"]
[Date "2006.06.17"]
[Round "2"]
[White "Orlov, Evgeny"]
[Black "Tukhaev, Adam"]
[Result "0-1"]
[WhiteElo "2306"]
[BlackElo "2466"]
[PlyCount "64"]
[EventDate "2006.06.16"]
[EventType "tourn"]
[EventRounds "9"]
[EventCountry "UKR"]
[EventCategory "8"]
[SourceTitle "CBM 112 Extra"]
[Source "ChessBase"]
[SourceDate "2006.07.14"]
[SourceVersion "1"]
[SourceVersionDate "2006.07.14"]
[SourceQuality "1"]

1. e4 c5 2. f4 d5 3. exd5 Qxd5 4. Nc3 Qd8 5. Nf3 Nc6 6. Bb5 Bd7 7. b3 Nf6 8. 0-0 e6 9. Ne5 Rc8 10. Qf3 a6 11. Bd3 Qc7 12. Nxd7 Qxd7 13. Bb2 Nd4 14. Qh3 g6 15. Rae1 Be7 16. Ne4 Nxe4 17. Rxe4 0-0 18. Bxd4 cxd4 19. a4 Kg7 20. Rfe1 Bf6 21. g4 h5 22. g5 Bd8 23. Qf3 Rc5 24. Re5 Be7 25. Rxc5 Bxc5 26. Qe4 Rc8 27. Qe5+ Kg8 28. Kg2 Bf8 29. Re4 Bg7 30. Qa5 Qd6 31. b4 Bf8 32. b5 Rc5 0-1

[Event "IECG CP.2000.P.00032"]
[Site "IECG email"]
[Date "2000.10.01"]
[Round "?"]
[White "Dijksman, Leo"]
[Black "Orlov, Evgeny"]
[Result "1-0"]
[WhiteElo "2117"]
[BlackElo "1145"]
[PlyCount "59"]
[EventDate "2000.10.01"]
[EventType "tourn (corr)"]
[EventRounds "6"]
[EventCountry "GER"]
[SourceTitle "Corr 2008"]
[Source "ChessBase"]
[SourceDate "2008.06.24"]
[SourceVersion "1"]
[SourceVersionDate "2008.06.24"]
[SourceQuality "1"]

1. d4 c5 2. d5 Nf6 3. c4 Ne4 4. Qc2 Qa5+ 5. Nd2 Nd6 6. b3 e6 7. Bb2 b5 8. e4 bxc4 9. bxc4 Na6 10. a3 f6 11. Bd3 Be7 12. e5 fxe5 13. Bxh7 Bf6 14. dxe6 Bb7 15. exd7+ Kxd7 16. Bc3 Qc7 17. Ngf3 e4 18. Bxe4 Nxe4 19. Nxe4 Bxc3+ 20. Nxc3 Rae8+ 21. Kf1 Kc8 22. Nd5 Qd6 23. Qf5+ Qd7 24. Qxd7+ Kxd7 25. Rd1 Kc8 26. h4 Nc7 27. Ng5 Rhf8 28. Rh3 Ba6 29. Rc3 Nxd5 30. Rxd5 1-0

[Event "IECG CP.2000.P.00032"]
[Site "IECG email"]
[Date "2000.10.01"]
[Round "?"]
[White "Orlov, Evgeny"]
[Black "McDermott, Michael"]
[Result "0-1"]
[WhiteElo "1145"]
[BlackElo "800"]
[PlyCount "39"]
[EventDate "2000.10.01"]
[EventType "tourn (corr)"]
[EventRounds "6"]
[EventCountry "GER"]
[SourceTitle "Corr 2008"]
[Source "ChessBase"]
[SourceDate "2008.06.24"]
[SourceVersion "1"]
[SourceVersionDate "2008.06.24"]
[SourceQuality "1"]

1. e4 e5 2. Nf3 Nc6 3. Bc4 Nf6 4. Ng5 Bc5 5. Nxf7 Qe7 6. Nxh8 d6 7. d4 Bxd4 8. c3 Bc5 9. 0-0 Be6 10. Bxe6 Qxe6 11. Qb3 d5 12. Qxb7 Rb8 13. exd5 Nxd5 14. Qa6 Nf4 15. Bxf4 exf4 16. Nd2 Kd7 17. Rad1 Rxb2 18. Ne4+ Ke7 19. Nxc5 Qg4 20. Qxc6 0-1

[Event "IECG CP.2000.P.00032"]
[Site "IECG email"]
[Date "2000.10.01"]
[Round "?"]
[White "Plumhoff, Bernd"]
[Black "Orlov, Evgeny"]
[Result "1-0"]
[WhiteElo "1999"]
[BlackElo "1145"]
[PlyCount "81"]
[EventDate "2000.10.01"]
[EventType "tourn (corr)"]
[EventRounds "6"]
[EventCountry "GER"]
[SourceTitle "Corr 2008"]
[Source "ChessBase"]
[SourceDate "2008.06.24"]
[SourceVersion "1"]
[SourceVersionDate "2008.06.24"]
[SourceQuality "1"]

1. d4 c5 2. d5 Nf6 3. c4 Ne4 4. Qc2 Qa5+ 5. Nd2 Nd6 6. b3 e6 7. e4 Be7 8. Bb2 0-0 9. e5 Nf5 10. Bd3 d6 11. Ngf3 dxe5 12. Bxe5 g6 13. Bxf5 exf5 14. 0-0 f6 15. Bc3 Qc7 16. Rfe1 Bd6 17. a3 Nd7 18. b4 b6 19. b5 a6 20. bxa6 Bxa6 21. Qb2 Rae8 22. Rxe8 Rxe8 23. Bxf6 Nxf6 24. Qxf6 b5 25. cxb5 Bxb5 26. a4 Ba6 27. Rc1 Qd8 28. Qxd8 Rxd8 29. Nb1 Bf8 30. Nc3 Bg7 31. Nb5 Rxd5 32. Nc7 Rd6 33. h4 Be2 34. a5 Bxf3 35. gxf3 Rc6 36. Nd5 Kf7 37. Nb4 Rc8 38. a6 Bh6 39. Rc4 Ra8 40. Rxc5 Bf8 41. Rc7+ 1-0

[Event "IECG CP.1999.P.00011"]
[Site "IECG email"]
[Date "1999.10.01"]
[Round "?"]
[White "Orlov, Evgeny"]
[Black "Spraragen, Marc"]
[Result "1-0"]
[WhiteElo "800"]
[BlackElo "762"]
[PlyCount "27"]
[EventDate "1999.10.01"]
[EventType "tourn (corr)"]
[EventRounds "6"]
[EventCountry "NED"]
[SourceTitle "Corr 2008"]
[Source "ChessBase"]
[SourceDate "2008.06.24"]
[SourceVersion "1"]
[SourceVersionDate "2008.06.24"]
[SourceQuality "1"]

1. e4 e5 2. Nf3 Nc6 3. Bc4 Nf6 4. Ng5 d5 5. exd5 Nxd5 6. Nxf7 Kxf7 7. Qf3+ Ke6 8. Nc3 Ncb4 9. Qe4 c6 10. a3 b5 11. Bb3 Na6 12. d4 Bd6 13. Bxd5+ cxd5 14. Qxd5+ 1-0